| 000 | 00464nam a2200169 i 4500 | ||
|---|---|---|---|
| 001 | 23023 | ||
| 003 | ES-MaACL | ||
| 007 | t| | ||
| 008 | 021205s1929 sp ||||1| spa d | ||
| 100 | 1 |
_aÁlvarez del Vayo, Julio, _d1891-1975 _920791 |
|
| 245 | 1 | 0 |
_aRusia a los doce años / _cJulio Alvarez del Vayo. |
| 250 | _a1ª ed. | ||
| 260 |
_aMadrid : _bEspasa-Calpe, _c1929. |
||
| 300 |
_a162 p. ; _c20 cm. |
||
| 852 |
_aES-MaACL _jB-268 |
||
| 999 |
_c23023 _d23023 |
||